000
00278nam a2200121Ia 4500
008
191201s2007 xx 000 0 und d
100
_a
PERREAULT, William D
245
0
_a
Basic Marketing
260
_a
N. delhi
_b
TMH
_c
2007
300
_a
844
650
_a
BBA
942
_2
ddc
_c
BK
_0
1
999
_c
6586
_d
6586